000 00522nam a22001817a 4500
003 NUST - PNEC
005 20170116180817.0
008 150609b xxu||||| |||| 00| 0 eng d
020 _a-
040 _cLIBRARY
082 _a369.43 GIL
100 _93772
_aGilcraft
245 _aHow to run a troop (A year's training)
_cGilcraft
260 _aLondon:
_bC. A'rthur Pearson Ltd.,/National Books foundation Pakistan
_cc1972.
300 _a112 p. :
_c18 cm.
650 _93773
_aTraining a troop
_xGeneral
942 _2ddc
_cBK
999 _c63579
_d63579